| 000 | 00558nam a22002057a 4500 | ||
|---|---|---|---|
| 005 | 20240402130520.0 | ||
| 010 | _aENG-140008 | ||
| 020 |
_a9788194181989 _c300.00 |
||
| 035 | _aEN-123540 | ||
| 037 | _bDBAD/PUB | ||
| 100 |
_a Janeja,Harikiran _964170 |
||
| 245 |
_aThe Easel Man/ _cHarikiran Janeja |
||
| 260 |
_akolkata _bWrite Workshop |
||
| 270 |
_aC-532,Lake Garden _bKolkata _e700045 |
||
| 300 |
_a86pg; _c22cm(Pb) |
||
| 700 |
_aJaneja,Harikiran _964171 |
||
| 710 | _963792 | ||
| 710 | _963793 | ||
| 942 |
_2ddc _cEN _h881 _mJAN |
||
| 999 |
_c201885 _d201885 |
||